000 00569nam a2200169 a 4500
008 120416s1999 ||||||||||||||||| || u
020 _a0333614453
050 _aJN 112 Nug
100 _aNugent, Neill
245 1 4 _aThe government and politics of the union
250 _a4th ed.
260 _aLondon
_bMacmillan
_c1999
350 _a0.00
650 _aGOVERNMENT--POLITICAL ASPECTS
650 _aGOVERNMENT
995 _D0.00
_FCBU-MAIN LIBRARY (Kitwe)
_H1
_I95.00
_M1
_UAVAILABLE
_ZMain Library Open Access Collection
999 _c44839
_d44839